000 00319nam a2200097Ia 4500
082 _a658|MANA
245 0 _aManaging change in organisations : articles from Human capital review
100 _a Herholdt, Johan Randburg, South Africa, 2012
_949204
942 _cBK
008 210817s9999 xx 000 0 und d
999 _c201601
_d201600